000 00813nam a2200217Ia 4500
001 23187
003 GE_BSU
008 181216s||||||||xx |||||||||||||| ||und||
040 _cGE_BSU
080 _a821.111-11
100 _aჩოსერი, ჯ.
245 _aკენტერბერიული მოთხრობები
245 _cთარგმ. ინგლ. გ. ნიშნიანიძისა
260 _aთბილისი
260 _bჟურნალი ხომლი
300 _a145 გვ. ;20სმ.
520 _aქსეროქსი არის გაკეთებული ჟურნალი "ხომლი"-დან
541 _h2ლ. 30თ.
653 _aკენტერბერიული მოთხრობები
942 _cBK
999 _c56087
_d56087